| 000 | 00458nam a22001817a 4500 | ||
|---|---|---|---|
| 003 | MPLRDC | ||
| 005 | 20220104192832.0 | ||
| 008 | 210129b ||||| |||| 00| 0 eng d | ||
| 020 | _a978-983-40397-1-4 | ||
| 082 | _a738.6257 GRD | ||
| 100 | _a郭仁德、郭义民 | ||
| 245 |
_a越洋控诉 _c |
||
| 250 | _a初版 | ||
| 260 |
_a马来西亚 _b郭义民 _c2013 |
||
| 300 | _b平 | ||
| 650 | _a马来西亚历史--英属期 | ||
| 942 |
_cBK _o738.6257 GRD |
||
| 999 |
_c64908 _d64898 |
||